| 000 | 00488nam a22001457a 4500 | ||
|---|---|---|---|
| 003 | 0 | ||
| 005 | 20160609172036.0 | ||
| 008 | 130729t xxu||||| |||| 00| 0 eng d | ||
| 040 |
_aBUAC _bFr. _cBEPAC |
||
| 100 |
_aLANSOUKILO, Yaovi Léopold Norbert _925705 |
||
| 245 |
_aCaractérisation des déchets solides ménagers de la ville d’Adjarra _cLANSOUKILO, Yaovi Léopold Norbert |
||
| 260 |
_aAbomey-Calavi _bEcolePolytechnique d’Abomey-Calavi _c2008 |
||
| 300 | _a105p. | ||
| 942 | _cTHE | ||
| 999 |
_c52077 _d52077 |
||